000 00932nam a22002411 4500
005 20090601123117.0
008 721219s1962 nyu 000 0 eng
010 _aENG-93798
020 _a9788131305386
_c495.00
035 _aEN-77331
037 _bDBAD / PUB
040 _adpl
_bEnglish
082 _a370.71
100 _aRaiz Shakir Khan
245 _aTeacher education and students' perception /
_cby Riaz Shakir Khan
260 _aNew Delhi
_bAPH Publishing
_c2009
270 _a4435-36/7, Ansari Road, Daryaganj,
_bNew Delhi
_e110002
300 _axiv, 164 p.
_c23cm(Hb)
500 _aIncludes bibliographical references and index
942 _cEN
_mRIA
_2ddc
_h370.71
999 _c27081
_d27081